| 000 | 00423nam a22001457a 4500 | ||
|---|---|---|---|
| 005 | 20240309114954.0 | ||
| 008 | 240309b ||||| |||| 00| 0 eng d | ||
| 040 | _cAL | ||
| 041 | _aeng | ||
| 082 |
_223 _a658.8342 _bCONS |
||
| 100 |
_aBradley Noronha _9153604 |
||
| 245 | _aConsumer Behaviour Towards Microwave Ovens with Reference to LG Electronics | ||
| 260 |
_aMangalore _bSt Aloysius College _c2001 |
||
| 942 |
_2ddc _cPRO |
||
| 999 |
_c230180 _d230180 |
||